Diálogo en el Caribe
Spremljeno u:
| Glavni autor: | |
|---|---|
| Format: | Tekst |
| Izdano: |
Sta. Bárbara, Heredia:
CEDAL
|
| Oznake: |
Dodaj oznaku
Bez oznaka, Budi prvi tko označuje ovaj zapis!
|
MARC
| LEADER | 00000 a a2200000 04500 | ||
|---|---|---|---|
| 001 | 14986 | ||
| 003 | |||
| 040 | |||
| 090 | |a 028600 | ||
| 100 | |a Oduber Quirós, Daniel | ||
| 245 | |a Diálogo en el Caribe | ||
| 260 | |a Sta. Bárbara, Heredia: |b CEDAL | ||
| 300 | |a 12 p. | ||
| 999 | |c 12805 |d 12805 | ||
